000 00274nam a22001097a 4500
008 230621b xxu||||| |||| 00| 0 eng d
082 _a328.38
_bIFP
245 _aInternational Forum of Parliamentarians on ICPD Review
260 _bUN
_c1999
300 _a20p
942 _2ddc
_cBK
999 _c2131
_d2131